Junta al País con su Capital: Sudamérica - Estadísticas

Estadísticas generales
  • Esta prueba ha sido intentada 111 veces
  • La puntuación promedio es 11 de 12
Estadísticas de respuestas
Hint Respuesta % Correcto
Argentina Buenos Aires
100%
Brasil Brasilia
99%
Colombia Bogotá
98%
Perú Lima
93%
Chile Santiago
93%
Uruguay Montevideo
91%
Venezuela Caracas
90%
Ecuador Quito
86%
Bolivia Sucre
86%
Guyana Georgetown
81%
Paraguay Asunción
80%
Surinam Paramaribo
70%
No se encontraron pruebas coincidentes
Distribución de puntuación
Porcentaje de gente con cada puntuación
Porcentaje por número respondido
Historial de tus puntuaciones
No has intentado esta prueba.